Germans invest in UK commercial property (Record no. 117199)
[ view plain ]
| 000 -LEADER | |
|---|---|
| fixed length control field | 00991cam a2200229 4500 |
| 001 - CONTROL NUMBER | |
| control field | WB4014-04 |
| 008 - FIXED-LENGTH DATA ELEMENTS--GENERAL INFORMATION | |
| fixed length control field | 040414n2004 000 0 eng u |
| 035 ## - SYSTEM CONTROL NUMBER | |
| System control number | (Sirsi) u125825 |
| 245 ## - TITLE STATEMENT | |
| Title | Germans invest in UK commercial property |
| 260 ## - PUBLICATION, DISTRIBUTION, ETC. | |
| Date of publication, distribution, etc. | 2004 |
| 490 ## - SERIES STATEMENT | |
| Series statement | DTZ Press Release |
| Volume/sequential designation | 13 April 2004, (2) |
| 520 ## - SUMMARY, ETC. | |
| Summary, etc. | According to DTZ Research's "Overseas investment in UK commercial property", Germany was the largest buyer of commercial property during 2003 representing a 40% share of total overseas investment. The report also shows that US investor activity is at its lowest ever level as recorded by DTZ while Middle East and Irish investors have become more active particularly over the last three years. Further details available at: http://www.dtz.com/ |
| 590 ## - LOCAL NOTE (RLIN) | |
| Local note | WB |
| 590 ## - LOCAL NOTE (RLIN) | |
| Local note | WB |
| 650 ## - SUBJECT ADDED ENTRY--TOPICAL TERM | |
| Topical term or geographic name entry element | GERMANY |
| 650 ## - SUBJECT ADDED ENTRY--TOPICAL TERM | |
| Topical term or geographic name entry element | MIDDLE EAST |
| 650 ## - SUBJECT ADDED ENTRY--TOPICAL TERM | |
| Topical term or geographic name entry element | IRELAND |
| 650 ## - SUBJECT ADDED ENTRY--TOPICAL TERM | |
| Topical term or geographic name entry element | DTZ |
| 650 ## - SUBJECT ADDED ENTRY--TOPICAL TERM | |
| Topical term or geographic name entry element | OVERSEAS INVESTMENT |
| 690 ## - LOCAL SUBJECT ADDED ENTRY--TOPICAL TERM (OCLC, RLIN) | |
| Topical term or geographic name as entry element | COMMERCIAL PROPERTY-INVESTMENT |
| 942 ## - ADDED ENTRY ELEMENTS (KOHA) | |
| Suppress in OPAC | 0 |
| Withdrawn status | Lost status | Source of classification or shelving scheme | Damaged status | Not for loan | Home library | Current library | Shelving location | Date acquired | Total Checkouts | Full call number | Barcode | Date last seen | Copy number | Price effective from | Koha item type |
|---|---|---|---|---|---|---|---|---|---|---|---|---|---|---|---|
| Dewey Decimal Classification | London | London | News article | 14/04/2004 | WB4014-04 | 125825-1001 | 06/08/2019 | 1 | 06/08/2019 | News article |